Online
Catalog

Bobby Fischer teaches chess, / (Record no. 4053)

MARC details
000 -CABECERA
campo de control de longitud fija 00592cam a2200181 a 4500
001 - NÚMERO DE CONTROL
campo de control 000004239
005 - FECHA Y HORA DE LA ÚLTIMA TRANSACCIÓN
campo de control 20200929151421.0
008 - DATOS DE LONGITUD FIJA--INFORMACIÓN GENERAL
campo de control de longitud fija 740130s1972 nyua p 000 0 eng
040 ## - FUENTE DE LA CATALOGACIÓN
Centro catalogador/agencia de origen DO-SdBNP
Lengua de catalogación spa
Centro/agencia transcriptor BNPHU
082 ## - NÚMERO DE LA CLASIFICACIÓN DECIMAL DEWEY
Número de clasificación 794.12
Número de documento/Ítem F529b
100 1# - ENTRADA PRINCIPAL--NOMBRE DE PERSONA
Nombre de persona Fischer, Bobby,
Fechas asociadas al nombre 1943-2008.
9 (RLIN) 12531
245 10 - MENCIÓN DE TÍTULO
Título Bobby Fischer teaches chess, /
Mención de responsabilidad, etc. Bobby Fischer, Stuart Margulies y Donn Mosenfelder.
260 ## - PUBLICACIÓN, DISTRIBUCIÓN, ETC.
Lugar de publicación, distribución, etc. New York,
Fecha de publicación, distribución, etc. 1972.
300 ## - DESCRIPCIÓN FÍSICA
Extensión xiv, 334 p. :
Otras características físicas il. ;
Dimensiones 24 cm.
650 #0 - PUNTO DE ACCESO ADICIONAL DE MATERIA--TÉRMINO DE MATERIA
Término de materia o nombre geográfico como elemento de entrada Ajedrez
Subdivisión general Estrategia y tácticas
9 (RLIN) 12532
700 1# - PUNTO DE ACCESO ADICIONAL--NOMBRE DE PERSONA
Nombre de persona Margulies, Stuart.
9 (RLIN) 12533
700 1# - PUNTO DE ACCESO ADICIONAL--NOMBRE DE PERSONA
Nombre de persona Mosenfelder, Donn.
9 (RLIN) 12534
Holdings
Estado de retiro Estado de pérdida Restricciones de uso No para préstamo Código de colección Localización permanente Ubicación/localización actual Ubicación en estantería Fecha de adquisición Número de inventario Total de préstamos Signatura topográfica completa Código de barras Fecha visto por última vez Precio válido a partir de Tipo de ítem Koha Número de copia
      Excluido de préstamo Monografías: Libros y Folletos General General Depósito 20.07.2009 LF1   794.12 F529b 4239-10 25.06.2020 25.06.2020 No se presta  
  Extraviado   Excluido de préstamo Monografías: Libros y Folletos General General Extraviado 19.05.2017 LF1   794.12 F529b 4239-20 25.06.2020 25.06.2020 No se presta e. 2

Powered by Koha